000
00328 a2200145 4500
999
_c
12145
_d
12145
003
OSt
005
20231223164253.0
008
231223b ||||| |||| 00| 0 eng d
020
_a
9788972122050
082
_a
721
100
_a
NF
245
_a
Mini building 13:
_b
neighborhood living facility
260
_b
A & C
942
_2
ddc